| 000 -LEADER |
| fixed length control field |
01855cam a22003374a 4500 |
| 001 - CONTROL NUMBER |
| control field |
16991963 |
| 003 - CONTROL NUMBER IDENTIFIER |
| control field |
NUST |
| 005 - DATE AND TIME OF LATEST TRANSACTION |
| control field |
20230130123436.0 |
| 008 - FIXED-LENGTH DATA ELEMENTS--GENERAL INFORMATION |
| fixed length control field |
111006s2012 mdua bf 000 0 eng |
| 010 ## - LIBRARY OF CONGRESS CONTROL NUMBER |
| LC control number |
2011042196 |
| 020 ## - INTERNATIONAL STANDARD BOOK NUMBER |
| International Standard Book Number |
9781442205697 (pbk. : alk. paper) |
| 020 ## - INTERNATIONAL STANDARD BOOK NUMBER |
| International Standard Book Number |
1442205695 (pbk. : alk. paper) |
| 020 ## - INTERNATIONAL STANDARD BOOK NUMBER |
| International Standard Book Number |
9781442205703 (alk. paper) |
| 020 ## - INTERNATIONAL STANDARD BOOK NUMBER |
| International Standard Book Number |
1442205709 (alk. paper) |
| 035 ## - SYSTEM CONTROL NUMBER |
| System control number |
(OCoLC)ocn756377694 |
| 040 ## - CATALOGING SOURCE |
| Original cataloging agency |
DLC |
| Transcribing agency |
DLC |
| Modifying agency |
YDX |
| -- |
YDXCP |
| -- |
BWX |
| -- |
CDX |
| -- |
IAK |
| -- |
BDX |
| -- |
DLC |
| 082 00 - DEWEY DECIMAL CLASSIFICATION NUMBER |
| Classification number |
808.0042,DAV |
| Edition number |
23 |
| 100 1# - MAIN ENTRY--PERSONAL NAME |
| Personal name |
Davis, James P., |
| Dates associated with a name |
1954- |
| 9 (RLIN) |
108034 |
| 245 14 - TITLE STATEMENT |
| Title |
The Rowman & Littlefield guide to writing with sources / |
| Statement of responsibility, etc. |
James P. Davis. |
| 246 30 - VARYING FORM OF TITLE |
| Title proper/short title |
Guide to writing with sources |
| 250 ## - EDITION STATEMENT |
| Edition statement |
4th ed. |
| 260 ## - PUBLICATION, DISTRIBUTION, ETC. |
| Place of publication, distribution, etc. |
Lanham, Md. : |
| Name of publisher, distributor, etc. |
Rowman & Littlefield Publishers, |
| Date of publication, distribution, etc. |
c2012. |
| 300 ## - PHYSICAL DESCRIPTION |
| Extent |
x, 99 p. : |
| Other physical details |
ill. ; |
| Dimensions |
22 cm. |
| 505 0# - FORMATTED CONTENTS NOTE |
| Formatted contents note |
The challenges of academic writing in the age of misinformation (Page-1), When do you need to acknowledge a source? (Page-21), When should you paraphrase and when should you quote? (Page-29), How should you paraphrase information from a source? (Page-33), How should you quote material from a source? (Page-41), How should you punctuate quotations? (Page-55), How should you select and cite electronic and internet sources? (Page-63), A further note about style manuals (Page-75), Revision checklist for quoting and paraphrasing (Page-81), Appendix: Internet resources (Page-83). |
| 650 #0 - SUBJECT ADDED ENTRY--TOPICAL TERM |
| Topical term or geographic name entry element |
English language |
| General subdivision |
Rhetoric |
| Form subdivision |
Handbooks, manuals, etc. |
| 9 (RLIN) |
108035 |
| 650 #0 - SUBJECT ADDED ENTRY--TOPICAL TERM |
| Topical term or geographic name entry element |
Research |
| General subdivision |
Methodology |
| Form subdivision |
Handbooks, manuals, etc. |
| 9 (RLIN) |
108036 |
| 650 #0 - SUBJECT ADDED ENTRY--TOPICAL TERM |
| Topical term or geographic name entry element |
Report writing |
| Form subdivision |
Handbooks, manuals, etc. |
| 9 (RLIN) |
108037 |
| 906 ## - LOCAL DATA ELEMENT F, LDF (RLIN) |
| a |
7 |
| b |
cbc |
| c |
orignew |
| d |
1 |
| e |
ecip |
| f |
20 |
| g |
y-gencatlg |
| 942 ## - ADDED ENTRY ELEMENTS (KOHA) |
| Source of classification or shelving scheme |
|
| Koha item type |
Book |
| Call number prefix |
808.0042,DAV |